[Event "AUTO-INT-3055"]
[Site "http://www.queenalice.com/game.php?id=1385320"]
[Date "2015.9.25"]
[Round "1"]
[White "cyrano"]
[Black "Salvo2015"]
[Result "1-0"]
[WhiteElo "1667"]
[BlackElo "1437"]

1. e4 e5 2. Bc4 Nf6 3. d3 Nc6 4. a3 b6 5. h3 Nd4 6. c3 Ne6 7. Qb3 Nc5 8. Qa2 Bb7
9. Bxf7+ Ke7 10. g4 Nxd3+ 11. Kd2 Nxc1 12. Kxc1 Nxe4 13. Rh2 d5 14. f3 Kxf7 15.
fxe4 Bc5 16. Nf3 Be3+ 17. Kc2 h5 18. g5 c5 19. Nxe5+ Ke6 20. Ng6 Re8 21. h4 Qc7
22. Re2 Qg3 23. exd5+ Bxd5 24. c4 Be4+ 25. Kb3 Red8 26. Nc3 Bf3 27. Rxe3+ Kf7
28. Ne5+ Kg8 29. Nc6 Rd6 30. Ne7+ Kf7 31. Rf1 Re6 32. Rfxf3+ Qxf3 33. Rxf3+ Kxe7
34. Nd5+ Kd6 35. Rf7 Rg6 36. Qb1 b5 37. Qxg6+ Ke5 38. Qxg7+ Ke4 39. Nc7 Rd8 40.
Nxb5 Rd3+ 41. Kc2 Rg3 42. Qg6+ Ke3 43. Qd3# 1-0

[Event "AUTO-INT-3055"]
[Site "http://www.queenalice.com/game.php?id=1385321"]
[Date "2015.9.25"]
[Round "1"]
[White "Salvo2015"]
[Black "cyrano"]
[Result "0-1"]
[WhiteElo "1505"]
[BlackElo "1657"]

1. g4 e5 2. Nf3 f6 3. Bh3 d5 4. c3 Qd7 5. Qb3 e4 6. Nd4 c5 7. Nb5 a6 8. Qa4 Qxb5
9. Qc2 h5 10. Na3 Qd7 11. b3 hxg4 12. Bg2 Bd6 13. e3 g3 14. fxg3 Qg4 15. d3 f5
16. O-O Qh5 17. dxe4 Qxh2+ 18. Kf2 Bxg3+ 19. Kf3 dxe4+ 20. Qxe4+ Ne7 21. Qa4+
Nbc6 22. Rd1 Qh5+ 23. Qg4 fxg4+ 24. Ke2 Qh2 25. Kf1 Rf8+ 26. Ke2 Qxg2+ 27. Kd3
Bf5+ 28. Kc4 Qe2+ 29. Kxc5 Qxd1 30. Nc4 Qd5+ 31. Kb6 Nc8+ 32. Kxb7 Nb4# 0-1

[Event "Challenge"]
[Site "http://www.queenalice.com/game.php?id=1390727"]
[Date "2015.10.24"]
[Round "-"]
[White "ulisses67"]
[Black "Salvo2015"]
[Result "0-1"]
[WhiteElo "1475"]
[BlackElo "1363"]

1. e4 e5 2. Qh5 Nf6 3. Qxe5+ Be7 4. Bb5 c6 5. Bc4 d6 6. Qg3 Rg8 7. e5 Nh5 8. Qe3
d5 9. Bb3 d4 10. Qf3 g6 11. Qxf7+ Kd7 12. Be6+ Kc7 13. Bxc8 Kxc8 14. d3 Rf8 15.
Qxh7 Rf5 16. Qxg6 Rxe5+ 17. Ne2 Bb4+ 18. c3 dxc3 19. Nxc3 a5 20. O-O Na6 21. d4
Qe8 22. Qxe8+ Rxe8 23. Be3 b6 24. d5 c5 25. Nb5 Kd7 26. a3 Bxa3 0-1

[Event "AUTO-INT-3068"]
[Site "http://www.queenalice.com/game.php?id=1390822"]
[Date "2015.10.25"]
[Round "1"]
[White "Salvo2015"]
[Black "vincenzo"]
[Result "0-1"]
[WhiteElo "1371"]
[BlackElo "1590"]

1. c4 e6 2. Qa4 Nf6 3. d4 Be7 4. Bg5 O-O 5. Nc3 Nc6 6. O-O-O Ng4 7. Bxe7 Qxe7 8.
f3 Nf2 9. d5 exd5 10. cxd5 Nd8 11. Rd4 d6 12. h3 Qe3+ 13. Rd2 Nxh1 14. Qd4 Qxd4
15. Rxd4 b6 16. Nb5 Nc6 17. Rc4 Na5 18. Ra4 Bd7 19. Rb4 Ng3 20. Nxc7 Rac8 21. e3
Nxf1 22. Kd1 Rxc7 23. Ke2 Rc1 24. Ra4 Bxa4 25. e4 Bb5+ 26. Kf2 Nc4 27. b3 Nb2
28. Ne2 Nd3+ 29. Kg1 Re1 30. g4 Ng3+ 31. Kg2 Nxe2 32. e5 Ndf4+ 33. Kf2 Rc1 34.
a4 Bd3 35. b4 Re8 36. exd6 Nxh3+ 37. Kg2 Nef4+ 38. Kg3 Rg1+ 39. Kh4 f6 40. d7
Rd8 41. b5 Rxd7 42. d6 Rxd6 43. g5 fxg5# 0-1

[Event "AUTO-INT-3068"]
[Site "http://www.queenalice.com/game.php?id=1390823"]
[Date "2015.10.25"]
[Round "1"]
[White "vincenzo"]
[Black "Salvo2015"]
[Result "1-0"]
[WhiteElo "1604"]
[BlackElo "1345"]

1. d4 d5 2. Bf4 Bf5 3. Nc3 Nc6 4. Nb5 e6 5. Nxc7+ Kd7 6. Nxa8 Qxa8 7. c3 Nf6 8.
h3 Ne4 9. Nf3 a5 10. Ne5+ Nxe5 11. Bxe5 a4 12. f3 Ng3 13. Rg1 Nxf1 14. Rxf1 Qa5
15. g4 Bg6 16. e4 dxe4 17. fxe4 Bxe4 18. Rxf7+ Be7 19. Rxg7 Qb5 20. Rxe7+ Kxe7
21. Bxh8 Qxb2 22. c4 Bc2 23. d5 Qxh8 24. d6+ Kd7 25. Qc1 Be4 26. c5 Kc6 27. a3
Bd5 28. Rb1 h6 29. Qb2 e5 30. Qxb7+ Kxc5 31. Qc7+ Bc6 32. Rb6 Qe8 33. Rb8 Qd7
34. Rd8 Qxc7 35. dxc7 Bb7 36. c8=Q+ Bxc8 37. Rxc8+ Kd4 38. Rh8 e4 39. Rxh6 Kc3
40. Rb6 Kc2 41. g5 e3 42. g6 Kc1 43. g7 Kc2 44. g8=Q Kc3 45. Qc8+ Kd4 46. Rd6+
Ke4 47. Qc4+ Kf3 48. Rf6+ Kg3 49. Qg8+ Kxh3 50. Rh6# 1-0

[Event "AUTO-INT-3068"]
[Site "http://www.queenalice.com/game.php?id=1390824"]
[Date "2015.10.25"]
[Round "1"]
[White "Salvo2015"]
[Black "saida"]
[Result "0-1"]
[WhiteElo "1371"]
[BlackElo "1767"]

1. c4 Nf6 2. Qa4 Nc6 3. Nf3 d5 4. d4 Bd7 5. Bg5 Nxd4 6. Nxd4 Bxa4 7. b3 Bd7 8.
cxd5 Nxd5 9. Na3 f6 10. Bd2 c6 11. Nc4 e5 12. Nf3 Bb4 13. Bxb4 Nxb4 14. Nd6+ Ke7
15. Nxb7 Qb6 16. Rd1 Qxb7 17. Rd2 Rad8 18. a3 Nd5 19. Rd3 Bf5 20. e4 Bxe4 21.
Re3 Nxe3 22. fxe3 Qxb3 23. Ba6 Qd1+ 24. Kf2 Qxh1 25. h4 Bxf3 26. gxf3 Rd2+ 27.
Kg3 Qg2# 0-1

[Event "AUTO-INT-3068"]
[Site "http://www.queenalice.com/game.php?id=1390825"]
[Date "2015.10.25"]
[Round "1"]
[White "saida"]
[Black "Salvo2015"]
[Result "1-0"]
[WhiteElo "1748"]
[BlackElo "1383"]

1. d4 c6 2. e4 Qa5+ 3. Nc3 d6 4. Nf3 Bg4 5. Bd2 h6 6. Be2 Nf6 7. Nd5 cxd5 8.
Bxa5 Nxe4 9. O-O Nc6 10. Bb5 a6 11. Ba4 e6 12. Bb6 Ke7 13. Bxc6 bxc6 14. Qe1 Rb8
15. Qa5 g6 16. Qxa6 e5 17. Qa7+ Kf6 18. Qxb8 Bg7 19. Bd8+ Kf5 20. Nh4+ Ke6 21.
Qc8# 1-0

[Event "AUTO-INT-3068"]
[Site "http://www.queenalice.com/game.php?id=1390826"]
[Date "2015.10.25"]
[Round "1"]
[White "Salvo2015"]
[Black "Alexx"]
[Result "0-1"]
[WhiteElo "1396"]
[BlackElo "1537"]

1. c4 e5 2. Qa4 Nf6 3. e3 Nc6 4. Bd3 Bc5 5. Bf5 d6 6. Bxc8 Qxc8 7. Nf3 O-O 8.
O-O Qf5 9. Nc3 g5 10. h4 gxh4 11. Nxh4 Qh5 12. Nf3 e4 13. Nh2 Ne5 14. f4 Neg4
15. d3 Qxh2# 0-1

[Event "AUTO-INT-3068"]
[Site "http://www.queenalice.com/game.php?id=1390827"]
[Date "2015.10.25"]
[Round "1"]
[White "Alexx"]
[Black "Salvo2015"]
[Result "1-0"]
[WhiteElo "1564"]
[BlackElo "1382"]

1. e4 c5 2. Nf3 Qa5 3. Nc3 g6 4. Bc4 Bh6 5. Ne5 Nf6 6. Qe2 Bf4 7. Nd3 Bg5 8. Ne5
O-O 9. Ng4 Nxg4 10. Qxg4 h6 11. h4 Bf6 12. Nd5 Bd4 13. Nxe7+ Kg7 14. Bxf7 Rxf7
15. Qxg6+ Kf8 16. Nf5 Bf6 17. Qxh6+ Bg7 18. Qd6+ Kg8 19. h5 Bf8 20. Qg6+ Bg7 21.
Nh6+ Kf8 22. Qxf7# 1-0

[Event "AUTO-INT-3073"]
[Site "http://www.queenalice.com/game.php?id=1393419"]
[Date "2015.11.10"]
[Round "1"]
[White "Salvo2015"]
[Black "Ruusgugg"]
[Result "0-1"]
[WhiteElo "1337"]
[BlackElo "1341"]

1. c4 d5 2. Qa4+ Bd7 3. cxd5 Bxa4 4. Nc3 Bd7 5. Nf3 e6 6. dxe6 Bxe6 7. Nb5 c6 8.
Nc3 b5 9. a3 c5 10. Nxb5 g5 11. e4 a6 12. Nxg5 Qxg5 13. Nc7+ Ke7 14. Nxa8 Bb3
15. Bd3 Qxg2 16. Rf1 Qxh2 17. f4 Qg3+ 18. Ke2 c4 19. Rf3 Qg4 20. Bb1 Nf6 21. Ba2
Qg2+ 22. Ke3 Ng4+ 23. Kd4 Qxf3 24. Bxb3 Qxb3 25. Nc7 Qb6+ 26. Kxc4 Qxc7+ 27. Kd3
Qxf4 28. b4 Qf6 29. Rb1 Nc6 30. Kc4 Qd4+ 31. Kb3 Qxe4 32. Rb2 Bg7 33. d3 Qxd3+
34. Ka4 Bxb2 35. Bxb2 Qc2# 0-1

[Event "AUTO-INT-3073"]
[Site "http://www.queenalice.com/game.php?id=1393420"]
[Date "2015.11.10"]
[Round "1"]
[White "Ruusgugg"]
[Black "Salvo2015"]
[Result "1-0"]
[WhiteElo "1270"]
[BlackElo "1373"]

1. e4 d6 2. d4 c6 3. Bc4 Qa5+ 4. Nc3 e6 5. Qf3 g6 6. a3 Ne7 7. b4 Qb6 8. Be3 h5
9. Qf4 f5 10. Na4 Qc7 11. Qg5 fxe4 12. Qf6 Rg8 13. Nh3 Nd5 14. Bxd5 cxd5 15. Bg5
Qxc2 16. Qd8+ Kf7 17. Rc1 Qxa4 18. Rc7+ Bd7 19. Rxb7 Bg7 20. Qe7# 1-0

[Event "AUTO-INT-3073"]
[Site "http://www.queenalice.com/game.php?id=1393421"]
[Date "2015.11.10"]
[Round "1"]
[White "Salvo2015"]
[Black "Nelsonbento"]
[Result "0-1"]
[WhiteElo "1384"]
[BlackElo "1674"]

1. c4 g5 2. Qa4 c6 3. d4 h6 4. f3 Bg7 5. c5 b5 6. cxb6 Qxb6 7. Be3 Qxb2 8. d5
Qxa1 9. Qb3 cxd5 10. Kd2 a5 11. Nh3 Nc6 12. Nc3 Bxc3+ 13. Kc2 d4 14. Bf2 Nb4+
15. Qxb4 Bxb4 16. e4 Qc3+ 17. Kb1 Ba3 18. Bb5 Qb2# 0-1

[Event "AUTO-INT-3073"]
[Site "http://www.queenalice.com/game.php?id=1393422"]
[Date "2015.11.10"]
[Round "1"]
[White "Nelsonbento"]
[Black "Salvo2015"]
[Result "1-0"]
[WhiteElo "1608"]
[BlackElo "1353"]

1. Nf3 Nc6 2. e3 e5 3. c3 d5 4. Qa4 Bf5 5. Nxe5 Qf6 6. Nxc6 bxc6 7. Qb3 Bc5 8.
Qb7 Rc8 9. Ba6 Rd8 10. Qxc7 Nh6 11. b4 Rd7 12. Qb8+ Rd8 13. Qf4 O-O 14. bxc5
Rde8 15. O-O Re4 16. Qg3 Rg4 17. Qc7 Ra4 18. Qxa7 Bd3 19. Re1 Bxa6 20. d4 Nf5
21. Nd2 Qh4 22. Nf3 Qg4 23. Ne5 Qe4 24. Nxc6 h5 25. a3 h4 26. h3 g5 27. f3 Qd3
28. Bb2 Nxe3 29. Ne5 Qd2 30. Rxe3 Qxe3+ 31. Kh1 Qe2 32. Nd7 Rd8 33. Nf6+ Kg7 34.
Qb6 Rf8 35. Nh5+ Kg8 36. Kh2 f5 37. Qg6+ Kh8 38. Qg7# 1-0

[Event "AUTO-INT-3073"]
[Site "http://www.queenalice.com/game.php?id=1393423"]
[Date "2015.11.10"]
[Round "1"]
[White "Salvo2015"]
[Black "JoseMessias"]
[Result "0-1"]
[WhiteElo "1339"]
[BlackElo "1735"]

1. c4 d5 2. Qa4+ Bd7 3. Qb4 a5 4. Qa3 e6 5. Qxa5 Rxa5 6. cxd5 exd5 7. Nc3 Bb4 8.
a3 Bxc3 9. dxc3 Ba4 10. b4 Ra6 11. e3 Qf6 12. Bb2 Qe6 13. Bxa6 Nxa6 14. Nf3 c5
15. bxc5 Nxc5 16. Nd4 Nd3+ 17. Kd2 Nxb2 18. Nxe6 fxe6 19. Rab1 Nc4+ 20. Kd3 Bc6
21. Rb6 Nxb6 22. Rb1 Nc4 23. e4 Nxa3 24. Rb3 Nc4 25. Kd4 Nf6 26. e5 Ne4 27. Rb4
Nxf2 28. g4 Nxg4 29. Kc5 Ngxe5 30. h4 Nd3+ 31. Kd4 Nxb4 32. h5 Nc2+ 33. Kc5 Ke7
34. h6 N2a3 35. hxg7 Rg8 36. Kb4 Rxg7 37. Kc5 Rg1 38. Kb4 Rb1+ 39. Kc5 Rd1 40.
Kb4 Kd6 41. Kb3 Rd2 42. Kb4 Rb2# 0-1

[Event "AUTO-INT-3073"]
[Site "http://www.queenalice.com/game.php?id=1393424"]
[Date "2015.11.10"]
[Round "1"]
[White "JoseMessias"]
[Black "Salvo2015"]
[Result "1-0"]
[WhiteElo "1712"]
[BlackElo "1347"]

1. Nf3 c5 2. d4 cxd4 3. Qxd4 Nc6 4. Qd3 e5 5. Qe3 Nf6 6. Nxe5 Nxe5 7. Qxe5+ Qe7
8. f4 d6 9. Qb5+ Bd7 10. Qxb7 Qd8 11. b4 Rb8 12. Qxa7 Ne4 13. Qe3 Rxb4 14. Ba3
Rc4 15. Nd2 Rxc2 16. Qxe4+ Be7 17. Qxc2 Bh4+ 18. g3 Bf6 19. Bxd6 Bxa1 20. Qe4+
Be6 21. Nc4 Bc3+ 22. Kf2 h5 23. Bh3 Rh6 24. Qc6+ Bd7 25. Qe4+ Be6 26. f5 Rf6 27.
Ke3 g6 28. fxe6 Rxe6 29. Bxe6 Qg5+ 30. Kf3 f5 31. Qc6+ Kd8 32. Qa8# 1-0

[Event "AUTO-INT-3079"]
[Site "http://www.queenalice.com/game.php?id=1396434"]
[Date "2015.11.29"]
[Round "1"]
[White "Salvo2015"]
[Black "glaubergouveia"]
[Result "0-1"]
[WhiteElo "1255"]
[BlackElo "1621"]

1. Nc3 Nc6 2. Nf3 Nf6 3. b3 h6 4. Ba3 e5 5. e4 Bxa3 6. Bc4 O-O 7. Nb1 Bc5 8. d3
d6 9. O-O h5 10. Ng5 Ng4 11. d4 Qxg5 12. f3 Ne3 13. Qd2 exd4 14. Re1 Qh4 15. Na3
Bxa3 16. g3 Qh3 17. Qf2 Bc5 18. c3 dxc3 19. Rac1 Nf5 20. exf5 Bxf5 21. Re3 Rae8
0-1

[Event "AUTO-INT-3079"]
[Site "http://www.queenalice.com/game.php?id=1396435"]
[Date "2015.11.29"]
[Round "1"]
[White "glaubergouveia"]
[Black "Salvo2015"]
[Result "1-0"]
[WhiteElo "1623"]
[BlackElo "1253"]

1. e4 e5 2. Nf3 Bb4 3. a3 Ba5 4. Bd3 Nf6 5. Qe2 Ng4 6. h3 Nh6 7. b4 Bb6 8. Bb2
Qf6 9. Ra2 d6 10. a4 a6 11. b5 Ba5 12. Bc3 Qe6 13. Bc4 Qf6 14. Bxa5 Be6 15. Bxc7
Nd7 16. Bxd6 Rc8 17. d3 a5 18. Qe3 Qg6 19. Rg1 Bxc4 20. dxc4 Qxd6 21. c3 1-0

[Event "AUTO-INT-3079"]
[Site "http://www.queenalice.com/game.php?id=1396436"]
[Date "2015.11.29"]
[Round "1"]
[White "Salvo2015"]
[Black "rocha"]
[Result "0-1"]
[WhiteElo "1264"]
[BlackElo "1429"]

1. Nf3 f6 2. Nc3 c6 3. b4 e5 4. g4 h6 5. Ba3 b5 6. Bh3 Bb7 7. O-O Ne7 8. g5 hxg5
9. Rb1 Rxh3 10. Kg2 g4 11. Kg1 gxf3 0-1

[Event "AUTO-INT-3079"]
[Site "http://www.queenalice.com/game.php?id=1396438"]
[Date "2015.11.29"]
[Round "1"]
[White "Salvo2015"]
[Black "Tavinho92"]
[Result "0-1"]
[WhiteElo "1321"]
[BlackElo "1311"]

1. Nc3 e5 2. Nf3 Nc6 3. g4 Nf6 4. g5 Ng8 5. Nd5 h6 6. gxh6 Nxh6 7. b3 Bc5 8. Bh3
d6 9. Bg2 Be6 10. Nc3 Ng4 11. Nb5 Nxf2 12. O-O Nxd1+ 13. d4 Bb6 14. Rxd1 e4 15.
Ng5 Nxd4 16. Nxd4 Qf6 17. Nxe6 fxe6 18. Bxe4 Bxd4+ 19. e3 Bxa1 20. Bxb7 Qg5+ 21.
Kh1 Qe5 22. Bxa8 Rxh2+ 23. Kg1 Qg3+ 24. Kf1 Qf2# 0-1

[Event "AUTO-INT-3079"]
[Site "http://www.queenalice.com/game.php?id=1396439"]
[Date "2015.11.29"]
[Round "1"]
[White "Tavinho92"]
[Black "Salvo2015"]
[Result "1-0"]
[WhiteElo "1313"]
[BlackElo "1305"]

1. e4 Nf6 2. Nc3 Nc6 3. d4 d5 4. exd5 Nxd5 5. Nxd5 Qxd5 6. Be3 e5 7. c4 Qa5+ 8.
Bd2 Qa6 9. Qe2 f6 10. Qg4 Bxg4 11. c5 Nxd4 12. Bxa6 bxa6 13. b4 Nc2+ 14. Kf1
Nxa1 15. f3 Bf5 16. Ne2 Bd3 17. Kf2 g5 18. Nc3 Nc2 19. Nd5 Kd7 20. Nxf6+ Ke7 21.
Bxg5 h6 22. Nd5+ Kd7 23. Bf6 Rb8 24. Bxh8 Nxb4 25. Nxb4 Rxb4 26. Rd1 Rb2+ 27.
Ke3 Rb1 28. Rxd3+ Ke8 29. Bxe5 Re1+ 30. Kf4 Bxc5 31. Bxc7 Rg1 32. Kf5 Rxg2 33.
Kf6 Rxa2 34. Rd8# 1-0